Peptide-based drug design : (Record no. 28616)

MARC details
000 -LEADER
fixed length control field 01462cam a22003375i 4500
001 - CONTROL NUMBER
control field 012360020
003 - CONTROL NUMBER IDENTIFIER
control field EG-ScBUE
005 - DATE AND TIME OF LATEST TRANSACTION
control field 20200830154131.0
008 - FIXED-LENGTH DATA ELEMENTS--GENERAL INFORMATION
fixed length control field 950629s1995 waua f b 001 0 eng d
020 ## - INTERNATIONAL STANDARD BOOK NUMBER
International Standard Book Number 0841230587
020 ## - INTERNATIONAL STANDARD BOOK NUMBER
International Standard Book Number 9780841230583
040 ## - CATALOGING SOURCE
Original cataloging agency Uk
Language of cataloging eng
Description conventions rda
Transcribing agency Uk
Modifying agency EG-ScBUE
082 04 - DEWEY DECIMAL CLASSIFICATION NUMBER
Classification number 612
Item number PEP
Edition number 22
245 00 - TITLE STATEMENT
Title Peptide-based drug design :
Remainder of title controlling transport and metabolism /
Statement of responsibility, etc editors Michael D. Taylor, Gordon L. Amidon.
264 #1 - PUBLICATION, DISTRIBUTION, ETC. (IMPRINT)
Place of publication, distribution, etc Washington, DC :
Name of publisher, distributor, etc American Chemical Society,
Date of publication, distribution, etc 1995.
300 ## - PHYSICAL DESCRIPTION
Extent xviii, 567 pages :
Other physical details illustrations ;
Dimensions 24 cm.
336 ## - CONTENT TYPE
Content type term text
Content type code txt
Source rdacontent
337 ## - MEDIA TYPE
Media type term unmediated
Media type code n
Source rdamedia
338 ## - CARRIER TYPE
Carrier type term volume
Carrier type code nc
Source rdacarrier
490 0# - SERIES STATEMENT
Series statement ACS professional reference book.
504 ## - BIBLIOGRAPHY, ETC. NOTE
Bibliography, etc Includes bibliographical references and index.
520 ## - SUMMARY, ETC.
Summary, etc Presents a contemporary understanding of protein and peptide transport mechanisms and metabolism as a framework for facilitating the design and evaluation of peptidomimetic and other peptide-based drugs that combine high intrinsic potency with improved drug delivery properties.
650 #7 - SUBJECT ADDED ENTRY--TOPICAL TERM
Topical term or geographic name as entry element Peptide drugs
General subdivision Physiological transport.
Source of heading or term BUEsh
650 #7 - SUBJECT ADDED ENTRY--TOPICAL TERM
Topical term or geographic name as entry element Peptide drugs
General subdivision Metabolism.
Source of heading or term BUEsh
650 #7 - SUBJECT ADDED ENTRY--TOPICAL TERM
Topical term or geographic name as entry element Peptides
General subdivision pharmacokinetics.
Source of heading or term BUEsh
653 ## - INDEX TERM--UNCONTROLLED
Resource For college Pharmacy
Arrived date list August2020
700 1# - ADDED ENTRY--PERSONAL NAME
Personal name Taylor, Michael D.,
Dates associated with a name 1954-
Relator term editor.
700 1# - ADDED ENTRY--PERSONAL NAME
Personal name Amidon, Gordon L.,
Relator term editor.
710 2# - ADDED ENTRY--CORPORATE NAME
Corporate name or jurisdiction name as entry element American Chemical Society,
Relator term editor.
942 ## - ADDED ENTRY ELEMENTS (KOHA)
Source of classification or shelving scheme Dewey Decimal Classification
Koha item type Book - Borrowing
Holdings
Withdrawn status Lost status Source of classification or shelving scheme Damaged status Not for loan Collection code Home library Current library Shelving location Date acquired Source of acquisition Total Checkouts Full call number Barcode Date last seen Price effective from Koha item type
    Dewey Decimal Classification     unknown Central Library Central Library First floor 30/08/2020 Purchase   612 PEP 000049609 15/07/2025 30/08/2020 Book - Borrowing